| 000 | 00402nam a2200157Ia 4500 | ||
|---|---|---|---|
| 005 | 20250423094922.0 | ||
| 008 | 250422s9999 xx 000 0 und d | ||
| 020 | _a0- 300- 01995- 5 | ||
| 050 | _aDT 30.5 .D39 | ||
| 100 | _aSamuel Decalo | ||
| 245 | 0 | _aCoups and army rule in Africa: studies in military style | |
| 260 | _bYale university press | ||
| 260 | _c1976 | ||
| 300 | _a284 p | ||
| 942 | _cBK | ||
| 999 |
_c28691 _d28691 |
||